书目信息 |
| 题名: |
表述空间
|
|
| 作者: | 刘元举 著 | |
| 分册: | ||
| 出版信息: | 北京 中国广播电视出版社 1998.09 |
|
| 页数: | 269页 | |
| 开本: | 32开 | |
| 丛书名: | ||
| 单 册: | ||
| 中图分类: | TU-0 | |
| 科图分类: | ||
| 主题词: | 建筑学--理论 | |
| 电子资源: | ||
| ISBN: | 7-5043-3154-6 | |
| 000 | 00529nam0 2200193 45 | |
| 001 | 0008051656 | |
| 005 | 20000805165953.2 | |
| 010 | @a7-5043-3154-6@d16.00元 | |
| 100 | @a20000805d1998 km y0chiy0120 ea | |
| 101 | 0 | @achi |
| 105 | @a z 000yy | |
| 200 | 1 | @a表述空间@ABiao Shu Kong Jian@f刘元举著@FLiu Yuan Ju Zhu |
| 210 | @a北京@c中国广播电视出版社@d1998.09 | |
| 215 | @a269页@d32开 | |
| 606 | 0 | @a建筑学@x理论 |
| 690 | @aTU-0@v3 | |
| 701 | 0 | @a刘元举@4著 |
| 801 | @aCN@bPftUser@c20000805 | |
| 905 | @b90251-253@dTU-0@eL361@f3 | |
| 表述空间/刘元举著.-北京:中国广播电视出版社,1998.09 |
| 269页;32开 |
| ISBN 7-5043-3154-6:16.00元 |
| ● |
| 相关链接 |
|
|
|
正题名:表述空间
索取号:TU-0/L361
 
预约/预借
| 序号 | 登录号 | 条形码 | 馆藏地/架位号 | 状态 | 备注 |
| 1 | 90251 | 200902513 | 建筑库101/101建筑库 2排3列1层/ [索取号:TU-0/L361] | 在馆 | |
| 2 | 90252 | 200902522 | 建筑库101/101建筑库 2排3列1层/ [索取号:TU-0/L361] | 在馆 | |
| 3 | 90253 | 200902531 | 建筑库101/101建筑库 2排3列1层/ [索取号:TU-0/L361] | 在馆 |